Ferritas (Record no. 144879)
[ view plain ]
| 000 -LEADER | |
|---|---|
| campo de control de longitud fija | 00988nam a2200253 4500 |
| 001 - NÚMERO DE CONTROL | |
| campo de control | 144879 |
| 003 - IDENTIFICADOR DE NÚMERO DE CONTROL | |
| campo de control | ES-MaACL |
| 005 - FECHA Y HORA DE LA ÚLTIMA TRANSACCIÓN | |
| campo de control | 20230906201122.0 |
| 007 - CAMPO FIJO DE DESCRIPCIÓN FÍSICA--INFORMACIÓN GENERAL | |
| campo de control de longitud fija | t| |
| 008 - DATOS DE LONGITUD FIJA--INFORMACIÓN GENERAL | |
| campo de control de longitud fija | 070214s1965 sp r ||||1| spa d |
| 100 1# - ENTRADA PRINCIPAL--NOMBRE DE PERSONA | |
| Nombre de persona | Smit, Jan. |
| 9 (RLIN) | 106842 |
| 245 10 - MENCIÓN DEL TÍTULO | |
| Título | Ferritas |
| Resto del título | : propiedades físicas de los óxidos ferrimagnéticos en relación con sus aplicaciones técnicas / |
| Mención de responsabilidad, etc. | por J. Smit y H.P.J. Wijn ; [traducida por José Baltá Elías, F.J. Baltá Calleja, Rafael Núñez-Lagos]. |
| 260 ## - PUBLICACIÓN, DISTRIBUCIÓN, ETC. | |
| Lugar de publicación, distribución, etc. | Madrid : |
| Nombre del editor, distribuidor, etc. | Paraninfo, |
| Fecha de publicación, distribución, etc. | 1965 ( |
| Fabricante | Gráf. Valera) |
| 300 ## - DESCRIPCIÓN FÍSICA | |
| Extensión | XII, 411 p., 5 lám. : |
| Otras características físicas | il. ; |
| Dimensiones | 22 cm. |
| 490 1# - MENCIÓN DE SERIE | |
| Mención de serie | Biblioteca técnica Philips |
| 650 #4 - PUNTO DE ACCESO ADICIONAL DE MATERIA--TÉRMINO DE MATERIA | |
| Término de materia o nombre geográfico como elemento de entrada | Materiales magnéticos. |
| 9 (RLIN) | 146071 |
| 700 1# - ENTRADA AGREGADA--NOMBRE PERSONAL | |
| Nombre de persona | Wijn, Henricus Petrus Johannes. |
| 9 (RLIN) | 116798 |
| 700 1# - ENTRADA AGREGADA--NOMBRE PERSONAL | |
| Nombre de persona | Baltá Elías, José. |
| 9 (RLIN) | 25118 |
| 700 1# - ENTRADA AGREGADA--NOMBRE PERSONAL | |
| Nombre de persona | Balta Calleja, F. J. |
| 9 (RLIN) | 25117 |
| 700 1# - ENTRADA AGREGADA--NOMBRE PERSONAL | |
| Nombre de persona | Núñez-Lagos Roglá, Rafael. |
| 9 (RLIN) | 86210 |
| 830 1# - PUNTO DE ACCESO ADICIONAL DE SERIE-TÍTULO UNIFORME | |
| Título uniforme | Biblioteca técnica Philips |
| 9 (RLIN) | 181540 |
| 852 ## - LOCALIZACIÓN | |
| Ubicación | ES-MaACL |
| Número de control de estantería | C-28256 |
| Estatus retirado | Estado de pérdida | Estado de daño | No para préstamo | Biblioteca de origen | Biblioteca actual | Ubicación en estantería | Fecha de adquisición | Fuente de adquisición | Total de préstamos | Signatura topográfica completa | Código de barras | Visto por última vez | Precio de reemplazo | Tipo de ítem Koha |
|---|---|---|---|---|---|---|---|---|---|---|---|---|---|---|
| Biblioteca del Ateneo de Madrid | Biblioteca del Ateneo de Madrid | Depósito 2 | 17/01/2008 | C-28256 | 1151161 | 23/02/2023 | 23/02/2023 | Libro impreso |
